| 000 | 00691atm a22002417a 4500 | ||
|---|---|---|---|
| 005 | 20230609195705.0 | ||
| 008 | 180315b2016 xxu||||| |||| 00| 0 spa d | ||
| 020 | _a9789873832079 | ||
| 041 | _aESP | ||
| 082 | _a004.67 D366a2 | ||
| 100 |
_aDe Luca, Damián _979841 |
||
| 245 | _aApps HTML5 para móviles: desarrollo de aplicaciones para smartphones y tablets basado en tecnologías web | ||
| 250 | _a2 edición | ||
| 260 | _aArgentina | ||
| 260 | _bAlfaomega | ||
| 260 | _c2016 | ||
| 300 | _a276 páginas | ||
| 650 |
_aHTML5 _979842 |
||
| 650 |
_aAPLICACIONES MÓVILES _979843 |
||
| 650 |
_aLENGUAJES DE PROGRAMACIÓN _979844 |
||
| 650 |
_aTIENDAS ON-LINE _979845 |
||
| 942 | _cBK | ||
| 999 |
_c10460 _d10460 |
||